000 00978cam a22002298i 4500
999 _c57755
_d57755
001 20801877
005 20221107171813.0
008 190107s2019 enk b 001 0 eng
020 _a9781108463591x
041 _aeng
080 _a341.24 C-44
100 1 _aChalmers, Damian
_99684
245 1 0 _aEuropean Union law :
_btext and materials /
_cDamian Chalmers, National University of Singapore; Gareth Davies, Vrije Universiteit, Amsterdam; Giorgio Monti, European University Institute, Florence.
250 _aFourth edition.
264 1 _aCambridge, United Kingdom :
_bCambridge University Press,
_c2019.
300 _a1022 p.;
_c24 cm.
653 _aევროპული ქვეყნების სამართალი
700 1 _aDavies, Gareth,
_eავრორი
_99686
700 1 _aMonti, Giorgio,
_eავტორი
_99687
942 _2udc
_cBK
955 _bxg31 2019-01-07
_ixg31 2019-01-07 (telework) to xg08 for review
_axg08 2019-01-09 (to DEWEY)